BIBLIOTECA PODER JUDICIAL
Portal Judicial TDF

La víctima frente a una verdad consensuada. Ideas y consecuencias del fallo Jaureguiber / (Registro nro. 5559)

000 -LEADER
fixed length control field 01550nab a22002897a 4500
003 - CONTROL NUMBER IDENTIFIER
control field OSt
005 - DATE AND TIME OF LATEST TRANSACTION
control field 20251218081406.0
008 - FIXED-LENGTH DATA ELEMENTS--GENERAL INFORMATION
fixed length control field 190429b xxu||||| |||| 00| 0 spa d
040 ## - CATALOGING SOURCE
Transcribing agency PJ
100 ## - MAIN ENTRY--PERSONAL NAME
9 (RLIN) 6103
Personal name Baqué, Santiago P.
245 13 - TITLE STATEMENT
Title La víctima frente a una verdad consensuada. Ideas y consecuencias del fallo Jaureguiber /
Statement of responsibility, etc Santiago P. Baqué.
260 ## - PUBLICATION, DISTRIBUTION, ETC. (IMPRINT)
Date of publication, distribution, etc Ciudad Autónoma de Buenos Aires :
Place of publication, distribution, etc Thomson Reuters La Ley,
Name of publisher, distributor, etc 2025.
300 ## - PHYSICAL DESCRIPTION
Extent p. 111-119
500 ## - GENERAL NOTE
General note Cita: TR LALEY AR/DOC/407/2025.<br/><br/>
505 ## - FORMATTED CONTENTS NOTE
Formatted contents note Sumario: I. Introducción.— II. Fundamentos de legitimación procesal.— III. Fundamentos desde las bases del derecho penal.— IV. Una decisión de política procesal.
505 ## - FORMATTED CONTENTS NOTE
Formatted contents note Fallo comentado: SC Buenos Aires ~ 03/06/2024 ~ Sobrino, Marcelo Alberto, Fiscal General del Departamento Judicial de Azul s/ recurso extraordinario de inaplicabilidad de ley en causa N.º 45.415 de la Cámara de Apelación y Garantías en lo Penal de Azul, seguida a Jaureguiber, Luciano.
505 ## - FORMATTED CONTENTS NOTE
Title Si te interesa el texto completo, solicitalo a koha@justierradelfuego.gov.ar
650 #0 - SUBJECT ADDED ENTRY--TOPICAL TERM
9 (RLIN) 343
Topical term or geographic name as entry element DERECHO PENAL
650 #0 - SUBJECT ADDED ENTRY--TOPICAL TERM
9 (RLIN) 2348
Topical term or geographic name as entry element PROCESO PENAL
650 #0 - SUBJECT ADDED ENTRY--TOPICAL TERM
9 (RLIN) 4885
Topical term or geographic name as entry element DERECHOS DE LA VÍCTIMA
650 #0 - SUBJECT ADDED ENTRY--TOPICAL TERM
9 (RLIN) 3047
Topical term or geographic name as entry element VÍCTIMA DEL DELITO
650 #0 - SUBJECT ADDED ENTRY--TOPICAL TERM
9 (RLIN) 2676
Topical term or geographic name as entry element JUICIO ORAL
650 #0 - SUBJECT ADDED ENTRY--TOPICAL TERM
9 (RLIN) 3088
Topical term or geographic name as entry element JUICIO ABREVIADO
650 #0 - SUBJECT ADDED ENTRY--TOPICAL TERM
9 (RLIN) 2678
Topical term or geographic name as entry element ACCIÓN PENAL
773 0# - HOST ITEM ENTRY
Host Biblionumber 2658
Host Itemnumber 3164
Title Revista de derecho penal y criminología. Nº 3 - Abril 2025
Place, publisher, and date of publication Ciudad Autónoma de Buenos Aires : Thomson Reuters La Ley, 2017-
International Standard Serial Number 00347914
942 ## - ADDED ENTRY ELEMENTS (KOHA)
Source of classification or shelving scheme
Koha item type Analítica Artículo de Revista

No hay ítems disponibles.

12 de Octubre 789 Ushuaia - Tel:  54(02901)441571
Horario de Atención: 8.00 a 17.00 hs. 
bibliotecaush@justierradelfuego.gov.ar
koha@justierradelfuego.gov.ar
Seguinos en nuestras redes @bibliojustdf 

Con tecnología Koha